अंतर्कथा संदर्भ कोश / (Record no. 118317)
[ view plain ]
| 000 -LEADER | |
|---|---|
| fixed length control field | 01008nam a22002537a 4500 |
| 005 - DATE AND TIME OF LATEST TRANSACTION | |
| control field | 20170124103110.0 |
| 010 ## - LIBRARY OF CONGRESS CONTROL NUMBER | |
| LC control number | A-921534 |
| 020 ## - INTERNATIONAL STANDARD BOOK NUMBER | |
| Terms of availability | 275.00 |
| 035 ## - SYSTEM CONTROL NUMBER | |
| System control number | A-921534 |
| 037 ## - SOURCE OF ACQUISITION | |
| Source of stock number/acquisition | Cen Lib/Ret |
| 040 ## - CATALOGING SOURCE | |
| Original cataloging agency | DPL |
| Language of cataloging | HN |
| 082 ## - DEWEY DECIMAL CLASSIFICATION NUMBER | |
| Classification number | 230.44 |
| Item number | गौड़रा |
| 100 ## - MAIN ENTRY--PERSONAL NAME | |
| Personal name | गौड़, रामशरण |
| 9 (RLIN) | 79472 |
| 245 ## - TITLE STATEMENT | |
| Title | अंतर्कथा संदर्भ कोश / |
| Statement of responsibility, etc | रामशरण गौड़ |
| 246 ## - VARYING FORM OF TITLE | |
| Title proper/short title | Antarkatha sandarbh kosh / |
| Remainder of title | by Ramsharan Gaud |
| 260 ## - PUBLICATION, DISTRIBUTION, ETC. (IMPRINT) | |
| Place of publication, distribution, etc | दिल्ली |
| Name of publisher, distributor, etc | अनिल प्रकाशन |
| Date of publication, distribution, etc | 1998 |
| 270 ## - ADDRESS | |
| City | दिल्ली |
| Address | 2619-20 न्यू मार्किट, नई सड़क |
| Postal code | 110006 |
| 300 ## - PHYSICAL DESCRIPTION | |
| Extent | 274पृ. |
| Dimensions | 20सेमी(सजिल्द) |
| 650 ## - SUBJECT ADDED ENTRY--TOPICAL TERM | |
| Topical term or geographic name as entry element | हिन्दू धर्म |
| 9 (RLIN) | 1413 |
| 650 ## - SUBJECT ADDED ENTRY--TOPICAL TERM | |
| Topical term or geographic name as entry element | अंतर्कथा -- पुराण |
| 9 (RLIN) | 1291 |
| 650 ## - SUBJECT ADDED ENTRY--TOPICAL TERM | |
| Topical term or geographic name as entry element | Hindu religion |
| 9 (RLIN) | 79473 |
| 650 ## - SUBJECT ADDED ENTRY--TOPICAL TERM | |
| Topical term or geographic name as entry element | Subtext - Mythology |
| 9 (RLIN) | 79474 |
| 942 ## - ADDED ENTRY ELEMENTS (KOHA) | |
| Source of classification or shelving scheme | Dewey Decimal Classification |
| Koha item type | Hindi Books |
| Classification part | 230.44 |
| Call number suffix | गौड़रा |
| Withdrawn status | Lost status | Damaged status | Not for loan | Home library | Current library | Date acquired | Source of acquisition | Cost, normal purchase price | Total Checkouts | Full call number | Barcode | Date last seen | Date checked out | Copy number | Cost, replacement price | Price effective from | Koha item type |
|---|---|---|---|---|---|---|---|---|---|---|---|---|---|---|---|---|---|
| Central Library | Central Library | 11/09/2015 | Cen Lib/Ret | 275.00 | 2 | 230.44 गौड़रा | A-921534 | 26/07/2018 | 16/07/2018 | 1 | 275.00 | 11/09/2015 | Hindi Books |
